| 000 | 00386cam a2200145ua 4500 | ||
|---|---|---|---|
| 041 |
_aeng _h |
||
| 082 |
_a370.1 _bEBY/DE |
||
| 100 | _aEby, Frederick . | ||
| 245 |
_aDevelopment of modern education / _cFrederick Eby. _hTextual Documents |
||
| 260 |
_aNew Delhi : _bPrentice Hall of India Pvt Ltd. , _c1964. |
||
| 300 | _a719 ; . | ||
| 504 | _a | ||
| 942 | _cBK | ||
| 999 |
_c10961 _d10961 |
||